UEFA Nations League Liga B 2022/2023 - Statistiken

Allgemein
  • Dieses Quiz wurde 159 mal gespielt
  • Das Durchschnittsergebnis liegt bei 13 aus 16
Antwortstatistiken
Group Land % Korrekt
Gruppe 4 Norwegen
93%
Gruppe 4 Schweden
93%
Gruppe 3 Finnland
90%
Gruppe 1 Ukraine
90%
Gruppe 1 Irland
88%
Gruppe 1 Schottland
86%
Gruppe 4 Serbien
86%
Gruppe 3 Bosnien und Herzegowina
83%
Gruppe 4 Slowenien
83%
Gruppe 3 Rumänien
81%
Gruppe 2 Albanien
80%
Gruppe 2 Island
79%
Gruppe 2 Russland
76%
Gruppe 3 Montenegro
64%
Gruppe 2 Israel
53%
Gruppe 1 Armenien
49%
Keine übereinstimmenden Quizze gefunden
Verteilung der Resultate
Anzahl Personen mit jedem Resultat
Perzentil nach korrekt beantworteten Fragen
Ihre Resultats-Entwicklung
Sie haben dieses Quiz noch nicht gespielt